000 01119nam a2200241Ia 4500
999 _c37595
_d37595
001 3567
003 GE_BSU
005 20190528180204.0
008 181216s2008||||ge |||||||||||||| ||geo||
020 _a9789941121920
040 _cGE_BSU
041 _ageo
080 _a621.316+621.315(076) კ-95
100 _aკუტუბიძე, ბორის.
_91744
245 _aელექტრო ენერგიის გადაცემა და განაწილება : დამხ.სახელმძღ. /
_cბორის კუტუბიძე ; ოთარ ჯანელიძე ; რედ : მ. ტუღუში.
264 _aთბილისი :
_bუნივერსალი,
_c2008.
300 _a169 გვ.:
_bილ ;
_c20 სმ.
504 _aბიბლიოგრ.:გვ.165.
653 _aელექტრო ენერგიის გადაცემა და განაწილება
700 _aჯანელიძე, ოთარ
_91743
700 _aტუღუში, მ
_eრედაქტორი
_91754
942 _cBK
_2udc